000 00800nam a2200205Ii 4500
003 JO-AjNU
008 230605s9999||||xx |||||||||||||| ||und||
040 _aJO-AjNU
_bara
_erda
_cJO-AjNU
041 _aara
050 1 4 _aBP195 2012
100 3 _aإعداد الخروصي، أحمد بن سالم بن موسى,
_eauthor
_945122
245 0 0 _aاستقلال السنة بالتشريع عند الإباضية دراسة تأصيلية
250 _aط1
264 3 1 _aسلطنة عمان: وزارة الاوقاف والشؤون الدينية، 2012
300 _a277ص
_bالمصادر والمراجع ص 245-267
336 _atext
_btxt
_2rdacontent
337 _aunmediated
_bn
_2rdamedia
338 _avolume
_bnc
_2rdacarrier
650 4 _aالاباضية- فرقة اسلامية
_945123
999 _aA19536
_c23104
_d23104